[Event "Barakaldo 09"]
[Site "?"]
[Date "2009.09.18"]
[Round "1.1"]
[White "Alvarez Ibarra, Rafael"]
[Black "Barrio Ugidos, Ainhoa"]
[Result "1-0"]
[WhiteElo "2385"]
[BlackElo "1610"]
[PlyCount "55"]
[EventDate "2009.09.21"]
[SourceDate "2009.09.21"]

1. d4 d5 2. c4 e6 3. Nc3 Nf6 4. cxd5 exd5 5. Bg5 c6 6. e3 Nbd7 7. Bd3 Bd6 8.
Nf3 O-O 9. Qc2 Qc7 10. O-O h6 11. Bh4 Re8 12. Rae1 Ng4 13. h3 Nh2 14. Nxh2
Bxh2+ 15. Kh1 Bd6 16. e4 dxe4 17. Nxe4 Be7 18. Bxe7 Rxe7 19. d5 Re5 20. dxc6
Qxc6 21. Qxc6 bxc6 22. Nd6 Rxe1 23. Rxe1 Nf6 24. Bc4 Nd5 25. Re8+ Kh7 26. Bxd5
cxd5 27. Rxc8 Rxc8 28. Nxc8 1-0

[Event "Barakaldo 09"]
[Site "?"]
[Date "2009.09.18"]
[Round "1.2"]
[White "Barrio Ugidos, Ibon"]
[Black "Alvarez Fernandez, Enrique"]
[Result "0-1"]
[WhiteElo "1604"]
[BlackElo "2340"]
[PlyCount "34"]
[EventDate "2009.09.21"]
[SourceDate "2009.09.21"]

1. e4 c6 2. d4 d6 3. Nc3 g6 4. Be3 Bg7 5. Qd2 b5 6. g3 Nd7 7. Bg2 Nb6 8. b3 Bd7
9. Rd1 Qc7 10. f4 Nf6 11. h3 O-O 12. Nf3 b4 13. Ne2 Nxe4 14. Qxb4 Nd5 15. Qa3
Nxe3 16. Rc1 Nxg2+ 17. Kd1 c5 0-1

[Event "Barakaldo 09"]
[Site "?"]
[Date "2009.09.18"]
[Round "1.3"]
[White "Limeres Guiance, Cristobal"]
[Black "Robledinos Sanchez, Jorge"]
[Result "1-0"]
[WhiteElo "2258"]
[BlackElo "1557"]
[PlyCount "101"]
[EventDate "2009.09.21"]
[SourceDate "2009.09.21"]

1. d4 d5 2. c4 c6 3. cxd5 cxd5 4. Nc3 Nf6 5. Bf4 a6 6. e3 e6 7. Bd3 Be7 8. Nf3
Nbd7 9. Rc1 O-O 10. Ne5 Nxe5 11. dxe5 Nd7 12. Qc2 g6 13. h4 Bxh4 14. Qe2 Bg5
15. Qg4 Bxf4 16. Qh3 h5 17. exf4 Qe7 18. Qg3 Nc5 19. Bb1 Kh8 20. Ke2 Bd7 21.
Rxh5+ Kg7 22. Rch1 Rh8 23. Rxh8 Rxh8 24. f5 exf5 25. Rxh8 Kxh8 26. Nxd5 Bb5+
27. Ke1 Qd8 28. Nf6 Nd3+ 29. Bxd3 Qxd3 30. Qxd3 Bxd3 31. Ne8 Be4 32. g3 Bc6 33.
Nf6 Kg7 34. Kd2 Kf8 35. Ke3 Ke7 36. Kd4 Ke6 37. Nh7 Ke7 38. Kc5 Ke6 39. f4 Ke7
40. Nf6 Ke6 41. Kb6 Ke7 42. Kc5 Ke6 43. b4 Ke7 44. Nd5+ Kd7 45. a4 Bxd5 46.
Kxd5 Ke7 47. Kc5 Kd7 48. Kb6 Kc8 49. Ka7 Kc7 50. b5 axb5 51. axb5 1-0

[Event "Barakaldo 09"]
[Site "?"]
[Date "2009.09.18"]
[Round "1.4"]
[White "Arbulu Gallastegi, Arkaitz"]
[Black "Varas Gonzalez, Carlos"]
[Result "0-1"]
[WhiteElo "1463"]
[BlackElo "2253"]
[PlyCount "59"]
[EventDate "2009.09.21"]
[SourceDate "2009.09.21"]

1. d4 Nf6 2. c4 e6 3. Nc3 Bb4 4. e3 Nc6 5. Nf3 O-O 6. Bd3 d5 7. a3 dxc4 8. Bxc4
Bd6 9. Nb5 Be7 10. O-O a6 11. Nc3 Bd6 12. e4 e5 13. d5 Ne7 14. Bg5 Ng6 15. b4
h6 16. Bd2 Qe7 17. Qb3 Bg4 18. Be2 Nh5 19. h3 Bd7 20. Rfc1 Nhf4 21. Bxf4 Nxf4
22. Bf1 Qf6 23. b5 Nxh3+ 24. Kh2 Qf4+ 25. g3 Qxf3 26. Bxh3 Qh5 27. g4 Bxg4 28.
Na4 axb5 29. Nc5 Ra7 30. Rg1 0-1

[Event "Barakaldo 09"]
[Site "?"]
[Date "2009.09.19"]
[Round "2.1"]
[White "Ingunza Lopez, Txema"]
[Black "Gomez Esteban, Mario"]
[Result "0-1"]
[WhiteElo "2033"]
[BlackElo "2489"]
[PlyCount "52"]
[EventDate "2009.09.21"]
[SourceDate "2009.09.23"]

1. e4 c5 2. Nf3 d6 3. d4 cxd4 4. Nxd4 Nf6 5. Nc3 a6 6. Bg5 Nbd7 7. Bc4 e6 8.
Bb3 Nc5 9. Qe2 Be7 10. f4 h6 11. Bxf6 Bxf6 12. O-O-O Qc7 13. Nf3 Bxc3 14. bxc3
O-O 15. Kb2 a5 16. Nd4 Bd7 17. a3 Rfc8 18. Qf3 Ra6 19. f5 Rb6 20. fxe6 fxe6 21.
Ka1 Nxb3+ 22. Nxb3 a4 23. Nd2 Qxc3+ 24. Qxc3 Rxc3 25. Nb1 Rxc2 26. Rd2 Rxb1+
0-1

[Event "Barakaldo 09"]
[Site "?"]
[Date "2009.09.19"]
[Round "2.2"]
[White "Franco Alonso, Alejandro"]
[Black "Rodriguez Gonzalez, Alex"]
[Result "1-0"]
[WhiteElo "2465"]
[BlackElo "2030"]
[PlyCount "45"]
[EventDate "2009.09.21"]
[SourceDate "2009.09.23"]

1. d4 g6 2. c4 Bg7 3. e4 c5 4. d5 Qa5+ 5. Bd2 Qb6 6. Nc3 d6 7. Rb1 f5 8. Bd3
fxe4 9. Nxe4 Nd7 10. Nf3 Ngf6 11. Neg5 Nf8 12. Qc2 a6 13. O-O Bg4 14. Rfe1 e5
15. dxe6 Ke7 16. h3 h6 17. Nf7 Bxf3 18. Nxh8 Bc6 19. Nxg6+ Nxg6 20. Bxg6 d5 21.
cxd5 Nxd5 22. Be4 Nb4 23. Bxb4 1-0

[Event "Barakaldo 09"]
[Site "?"]
[Date "2009.09.19"]
[Round "2.3"]
[White "Torres Novalbos, David"]
[Black "Alvarez Ibarra, Rafael"]
[Result "0-1"]
[WhiteElo "2000"]
[BlackElo "2385"]
[PlyCount "54"]
[EventDate "2009.09.21"]
[SourceDate "2009.09.24"]

1. d4 Nf6 2. Nf3 c5 3. d5 b5 4. c4 Bb7 5. Qc2 d6 6. e4 bxc4 7. Bxc4 g6 8. O-O
Bg7 9. h3 O-O 10. Bd2 e6 11. Nc3 exd5 12. exd5 Nbd7 13. Bg5 Nb6 14. Ne4 Nbxd5
15. Qd1 Qd7 16. Bxf6 Nxf6 17. Nxd6 Bxf3 18. gxf3 Rad8 19. Ne4 Qxh3 20. Bxf7+
Kh8 21. Qb3 Nxe4 22. fxe4 Qg4+ 23. Qg3 Qxe4 24. Rfe1 Qb7 25. Bb3 Rd2 26. Re6
Bd4 27. Rf1 Rfxf2 0-1

[Event "Barakaldo 09"]
[Site "?"]
[Date "2009.09.19"]
[Round "2.4"]
[White "Alvarez Fernandez, Enrique"]
[Black "Urbieta Gabancho, Koldo"]
[Result "1-0"]
[WhiteElo "2340"]
[BlackElo "2010"]
[PlyCount "129"]
[EventDate "2009.09.21"]
[SourceDate "2009.09.24"]

1. d4 c5 2. c3 b6 3. Bf4 Bb7 4. e3 e6 5. Nf3 Nf6 6. Nbd2 Be7 7. h3 O-O 8. Bh2
Ne4 9. Nxe4 Bxe4 10. Be2 f5 11. O-O Qc8 12. Nd2 Bb7 13. Nc4 Qc6 14. Bf3 d5 15.
Ne5 Qc8 16. c4 Rd8 17. cxd5 Bxd5 18. Bxd5 Rxd5 19. Qh5 Qf8 20. dxc5 Bf6 21.
cxb6 axb6 22. Nc4 Nd7 23. Rfd1 Qc5 24. Rxd5 Qxd5 25. Qe2 b5 26. Nd6 Rxa2 27.
Rd1 Qb3 28. Qh5 g6 29. Qf3 Bxb2 30. g4 Qxd1+ 31. Qxd1 Ra1 32. Qxa1 Bxa1 33.
Nxb5 Be5 34. f4 Bb8 35. Kg2 Kf7 36. Kf3 Nc5 37. Bg3 Ke7 38. Bh4+ Kd7 39. Bf6
Kc6 40. Nc3 Nd7 41. Bh8 Kd6 42. h4 e5 43. g5 Ke6 44. Nb5 Kd5 45. Bg7 Kc4 46.
Na3+ Kd3 47. fxe5 Bxe5 48. Bxe5 Nxe5+ 49. Kf4 Ng4 50. e4 fxe4 51. Kxg4 e3 52.
Kf3 e2 53. Kf2 Ke4 54. Nc4 Kf4 55. Nd6 Kg4 56. Kxe2 Kxh4 57. Nf7 Kg4 58. Ke3
Kf5 59. Kd4 Ke6 60. Nh6 Kd6 61. Ke4 Ke6 62. Ng4 Kf7 63. Ke5 Kg7 64. Ke6 Kh8 65.
Kf7 1-0

[Event "Barakaldo 09"]
[Site "?"]
[Date "2009.09.19"]
[Round "2.5"]
[White "Alvarez Dominguez,  Fco. Javier"]
[Black "Limeres Guiance, Cristobal"]
[Result "0-1"]
[WhiteElo "1963"]
[BlackElo "2258"]
[PlyCount "58"]
[EventDate "2009.09.21"]
[SourceDate "2009.09.24"]

1. e4 Nf6 2. d3 d5 3. Qe2 dxe4 4. dxe4 e5 5. Nf3 Nc6 6. Nc3 Bc5 7. Bg5 h6 8.
Bh4 g5 9. Bg3 Nd4 10. Nxd4 Bxd4 11. Nd5 c6 12. Nxf6+ Qxf6 13. c3 Bb6 14. O-O-O
Be6 15. Kb1 Ke7 16. Qc2 a5 17. f3 Qg7 18. Qa4 Bc5 19. Bd3 b5 20. Qc2 f6 21. Bf2
Bd6 22. c4 Qf7 23. Rc1 Rac8 24. c5 Bxa2+ 25. Ka1 Bc7 26. h4 Bb3 27. Qe2 a4 28.
hxg5 hxg5 29. Bxb5 a3 0-1

[Event "Barakaldo 09"]
[Site "?"]
[Date "2009.09.19"]
[Round "2.6"]
[White "Miguelez Garcia, Erlantz"]
[Black "Trigo Urquijo, Sergio"]
[Result "0-1"]
[WhiteElo "1948"]
[BlackElo "2250"]
[PlyCount "118"]
[EventDate "2009.09.21"]
[SourceDate "2009.09.24"]

1. c4 e5 2. Nc3 Nf6 3. g3 d5 4. cxd5 Nxd5 5. Bg2 Nb6 6. Nf3 Nc6 7. O-O Be6 8.
d3 Be7 9. Be3 O-O 10. a3 f6 11. Ne4 Nd4 12. b4 Bb3 13. Qd2 Nc2 14. Rab1 Nxe3
15. Qxe3 Bd5 16. Rfc1 a5 17. Rc2 axb4 18. axb4 Ba2 19. Rbb2 Bf7 20. Nc5 Ra1+
21. Rc1 Nd5 22. Qd2 Rxc1+ 23. Qxc1 b6 24. Na6 Qa8 25. Nxc7 Nxc7 26. Qxc7 Qa1+
27. Bf1 Qxb2 28. Qxe7 Qa2 29. e4 Qe6 30. Qb7 Qd6 31. b5 g6 32. Ne1 Be6 33. Nc2
Bd7 34. Ne3 Bxb5 35. Nd5 Rf7 36. Qxb6 Qxb6 37. Nxb6 Ra7 38. f4 Ra1 39. Kf2 Ra2+
40. Kg1 Rd2 41. Nd5 Kg7 42. Nb4 g5 43. fxe5 fxe5 44. h3 Kf7 45. Kh1 Ke6 46. Kg1
Kd6 47. Nd5 Bxd3 48. Bxd3 Rxd3 49. Kf2 h5 50. Ne3 Kc5 51. Nf5 Kc4 52. Ke2 Ra3
53. h4 g4 54. Kf2 Kd3 55. Ng7 Ra2+ 56. Kf1 Kxe4 57. Nxh5 Kf3 58. Ke1 e4 59. Nf6
e3 0-1

[Event "Barakaldo 09"]
[Site "?"]
[Date "2009.09.19"]
[Round "2.7"]
[White "Lozoya Rodriguez, Alberto"]
[Black "Fernandez Ferrero, Alejandro"]
[Result "1-0"]
[WhiteElo "2219"]
[BlackElo "2001"]
[PlyCount "63"]
[EventDate "2009.09.21"]
[SourceDate "2009.09.24"]

1. c4 e5 2. g3 Nf6 3. Bg2 g6 4. Nc3 Bg7 5. e4 O-O 6. Nge2 Nc6 7. d3 h6 8. O-O
d6 9. h3 Nh7 10. Be3 f5 11. Qd2 g5 12. exf5 Bxf5 13. d4 Nf6 14. g4 Bh7 15. d5
Ne7 16. Ng3 Ng6 17. Rac1 Qd7 18. c5 Nf4 19. Bxf4 exf4 20. c6 Qc8 21. Nge4 b6
22. Rfe1 Nxe4 23. Bxe4 Bxe4 24. Rxe4 Be5 25. Nb5 a6 26. Nd4 Bxd4 27. Qxd4 Re8
28. Rce1 Rxe4 29. Qxe4 Qf8 30. Qe6+ Qf7 31. Qxh6 Qxd5 32. Re7 1-0

[Event "Barakaldo 09"]
[Site "?"]
[Date "2009.09.19"]
[Round "2.8"]
[White "Gutierrez Martin, Angel"]
[Black "Angulo Martinez, Jon"]
[Result "1/2-1/2"]
[WhiteElo "1934"]
[BlackElo "2217"]
[PlyCount "69"]
[EventDate "2009.09.21"]
[SourceDate "2009.09.24"]

1. d4 Nf6 2. c4 e6 3. Nc3 Bb4 4. f3 Bxc3+ 5. bxc3 d5 6. e3 O-O 7. Bd3 b6 8. Ne2
Ba6 9. cxd5 Bxd3 10. Qxd3 exd5 11. O-O Re8 12. Ng3 h5 13. Rf2 g6 14. Bd2 h4 15.
Nf1 Nc6 16. h3 Na5 17. Re1 Nc4 18. Bc1 Nd6 19. Ree2 Qe7 20. Kh2 Rad8 21. g3 Nf5
22. e4 hxg3+ 23. Nxg3 Nxg3 24. Kxg3 Nh5+ 25. Kh2 Qh4 26. Rg2 Nf4 27. Bxf4 Qxf4+
28. Rg3 Kg7 29. Qe3 Qh4 30. e5 Rh8 31. Qg5 Rde8 32. f4 Qxg5 33. Rxg5 f5 34.
Reg2 Rh6 35. Rxf5 1/2-1/2

[Event "Barakaldo 09"]
[Site "?"]
[Date "2009.09.19"]
[Round "2.9"]
[White "Diez Fraile, David"]
[Black "Buiza Prieto, Aizbeltz"]
[Result "1-0"]
[WhiteElo "2203"]
[BlackElo "1783"]
[PlyCount "71"]
[EventDate "2009.09.21"]
[SourceDate "2009.09.24"]

1. e4 c5 2. Nf3 Nc6 3. d4 cxd4 4. Nxd4 Nf6 5. Nc3 e5 6. Ndb5 h6 7. Nd5 Nxd5 8.
exd5 a6 9. Nc3 Nb8 10. Bd3 d6 11. O-O Be7 12. f4 Nd7 13. Ne4 Nf6 14. fxe5 dxe5
15. Nxf6+ Bxf6 16. Qf3 b6 17. Bd2 Ra7 18. Rae1 Rd7 19. c4 a5 20. Bc3 Re7 21.
Bxe5 Bxe5 22. Rxe5 O-O 23. Rxe7 Qxe7 24. Qe4 Qxe4 25. Bxe4 Re8 26. Bf3 Bf5 27.
Rd1 Bc2 28. Rd2 Bb1 29. b3 Kf8 30. Kf2 Ke7 31. Ke3 Kd6+ 32. Kd4 f5 33. a3 f4
34. Re2 Re3 35. Rxe3 fxe3 36. b4 1-0

[Event "Barakaldo 09"]
[Site "?"]
[Date "2009.09.19"]
[Round "2.10"]
[White "Cuero Reid, Max"]
[Black "Fernandez Hernandez, Gerardo"]
[Result "0-1"]
[WhiteElo "1931"]
[BlackElo "2184"]
[PlyCount "112"]
[EventDate "2009.09.21"]
[SourceDate "2009.09.24"]

1. e4 e6 2. d4 d5 3. Be3 Nf6 4. Nd2 a6 5. Bd3 Nc6 6. c3 e5 7. Ngf3 Bd6 8. O-O
Bg4 9. exd5 Nxd5 10. Be4 Nxe3 11. fxe3 Qd7 12. Qb3 O-O 13. Ng5 h6 14. Nh7 Rfe8
15. Rf6 Na5 16. Qc2 Be7 17. Rf2 Rad8 18. Raf1 Be6 19. b3 exd4 20. exd4 c5 21.
Qd3 cxd4 22. c4 Nc6 23. Qg3 f5 24. Rxf5 Bxf5 25. Rxf5 Qd6 26. Qh3 d3 27. Rd5
Qf4 28. Qxd3 Rxd5 29. Qxd5+ Kh8 30. g3 Qe5 31. Qf7 Bc5+ 32. Kg2 Rd8 33. Qg6 Ne7
34. Nf8 Rxd2+ 35. Kh3 Nxg6 36. Nxg6+ Kg8 37. Nxe5 b6 38. Bd5+ Kf8 39. Nf3 Rxa2
40. Kg4 Rb2 41. h4 Rxb3 42. Kf5 a5 43. Ne5 Ke7 44. g4 a4 45. Kg6 a3 46. Kxg7
Bd4 47. Kxh6 Bxe5 48. c5 Rh3 49. h5 bxc5 50. Kg6 Rh2 51. g5 a2 52. Bxa2 Rxa2
53. h6 c4 54. Kf5 Re2 55. g6 c3 56. g7 Bxg7 0-1

[Event "Barakaldo 09"]
[Site "?"]
[Date "2009.09.19"]
[Round "3.1"]
[White "Gomez Esteban, Mario"]
[Black "Salinero De Prado, Juan Manuel"]
[Result "1-0"]
[WhiteElo "2489"]
[BlackElo "2174"]
[PlyCount "51"]
[EventDate "2009.09.21"]
[SourceDate "2009.09.24"]

1. d4 d5 2. Nf3 Nf6 3. c4 c6 4. Qc2 g6 5. Bf4 Bg7 6. e3 O-O 7. Nc3 Na6 8. a3
dxc4 9. Bxc4 Nd5 10. Bg3 b5 11. Bd3 Nxc3 12. bxc3 Nc7 13. h4 a5 14. h5 c5 15.
Ne5 Ra6 16. Rd1 c4 17. Be2 a4 18. hxg6 hxg6 19. Qe4 e6 20. Bh4 Qd6 21. Qf3 Ra7
22. Qh3 f6 23. Bg3 fxe5 24. Bxe5 Qd7 25. Qh7+ Kf7 26. Bxg7 1-0

[Event "Barakaldo 09"]
[Site "?"]
[Date "2009.09.19"]
[Round "3.2"]
[White "Wu Martin, Eneko"]
[Black "Franco Alonso, Alejandro"]
[Result "1/2-1/2"]
[WhiteElo "2113"]
[BlackElo "2465"]
[PlyCount "49"]
[EventDate "2009.09.21"]
[SourceDate "2009.09.24"]

1. e4 c5 2. d4 cxd4 3. f4 Nc6 4. Nf3 d5 5. e5 Bg4 6. Bd3 e6 7. O-O Bc5 8. h3
Bxf3 9. Qxf3 Nge7 10. Bd2 g6 11. a3 a5 12. Be1 Nf5 13. Bf2 h5 14. Nd2 Rc8 15.
Rfc1 h4 16. Nf1 Be7 17. Nh2 Kf8 18. Ng4 Kg7 19. Nh2 a4 20. Qe2 Rh5 21. Nf3 Qa5
22. Kh2 Qd8 23. Qd2 Qa5 24. Qe2 Qd8 25. Qd2 1/2-1/2

[Event "Barakaldo 09"]
[Site "?"]
[Date "2009.09.19"]
[Round "3.3"]
[White "Alvarez Ibarra, Rafael"]
[Black "Fernandez Hernandez, Gerardo"]
[Result "1-0"]
[WhiteElo "2385"]
[BlackElo "2184"]
[PlyCount "37"]
[EventDate "2009.09.21"]
[SourceDate "2009.09.24"]

1. d4 Nf6 2. c4 g6 3. Nc3 d5 4. Bf4 Bg7 5. e3 O-O 6. Rc1 c5 7. dxc5 Qa5 8. cxd5
Rd8 9. Bc4 Qxc5 10. Qb3 a6 11. Nge2 Bf5 12. Qxb7 Ra7 13. b4 Qxc4 14. Qxa7 Nxd5
15. Nxd5 Qxd5 16. O-O Nc6 17. Qxa6 Ne5 18. e4 Bxe4 19. Nc3 1-0

[Event "Barakaldo 09"]
[Site "?"]
[Date "2009.09.19"]
[Round "3.4"]
[White "Peralta Conde, Alvaro"]
[Black "Alvarez Fernandez, Enrique"]
[Result "0-1"]
[WhiteElo "2075"]
[BlackElo "2340"]
[PlyCount "44"]
[EventDate "2009.09.21"]
[SourceDate "2009.09.24"]

1. Nf3 d5 2. g3 Nf6 3. Bg2 Bf5 4. O-O e6 5. d3 h6 6. Nbd2 Be7 7. Re1 O-O 8. c3
c5 9. Qb3 Qc7 10. e4 Bh7 11. h4 Nc6 12. Nh2 Ne5 13. Bf1 c4 14. dxc4 dxe4 15.
Bg2 Nd3 16. Re2 Bc5 17. Ndf1 Nd7 18. Be3 f5 19. Bxc5 N7xc5 20. Qc2 f4 21. Bh3
Nxf2 22. Rxf2 e3 0-1

[Event "Barakaldo 09"]
[Site "?"]
[Date "2009.09.19"]
[Round "3.6"]
[White "Trigo Urquijo, Sergio"]
[Black "Basto Auzmendi, Mario"]
[Result "0-1"]
[WhiteElo "2250"]
[BlackElo "2068"]
[PlyCount "30"]
[EventDate "2009.09.21"]
[SourceDate "2009.09.24"]

1. e4 c5 2. Nf3 Nc6 3. d4 cxd4 4. Nxd4 e6 5. Nc3 a6 6. Be3 Nf6 7. f3 Qc7 8. Qd2
Be7 9. O-O-O b5 10. g4 Bb7 11. h4 Rc8 12. h5 b4 13. Na4 Nxd4 14. Bxd4 Nxe4 15.
fxe4 Bg5 0-1

[Event "Barakaldo 09"]
[Site "?"]
[Date "2009.09.19"]
[Round "3.7"]
[White "Sanz Rodero, Mikel"]
[Black "Diez Fraile, David"]
[Result "1/2-1/2"]
[WhiteElo "2035"]
[BlackElo "2203"]
[PlyCount "25"]
[EventDate "2009.09.21"]
[SourceDate "2009.09.24"]

1. d4 Nf6 2. Nf3 e6 3. Nbd2 c5 4. e3 Nc6 5. c3 d5 6. Bd3 Bd6 7. O-O O-O 8. dxc5
Bxc5 9. e4 dxe4 10. Nxe4 Nxe4 11. Bxe4 Qxd1 12. Rxd1 f6 13. b4 1/2-1/2

[Event "Barakaldo 09"]
[Site "?"]
[Date "2009.09.19"]
[Round "3.8"]
[White "Varas Gonzalez, Carlos"]
[Black "De Andres Oterino, Carlos"]
[Result "1-0"]
[WhiteElo "2253"]
[BlackElo "1949"]
[PlyCount "87"]
[EventDate "2009.09.21"]
[SourceDate "2009.09.24"]

1. e4 c6 2. d4 d5 3. Nc3 dxe4 4. Nxe4 Nd7 5. Nf3 Ngf6 6. Nxf6+ Nxf6 7. Ne5 Nd7
8. Be3 Nxe5 9. dxe5 Bf5 10. Qxd8+ Rxd8 11. c3 a6 12. Bb6 Rd7 13. Bc4 e6 14. Ke2
Be7 15. f3 h5 16. Rhd1 Rxd1 17. Rxd1 g5 18. Bd3 Bxd3+ 19. Rxd3 Rh6 20. Be3 f5
21. exf6 Bxf6 22. Rd2 Rg6 23. a4 Be5 24. h3 Bf4 25. Bxf4 gxf4 26. Kd3 Ke7 27.
Ke4 Rf6 28. h4 Rf5 29. Rd1 Rf7 30. Rg1 Kd6 31. Rd1+ Ke7 32. Rg1 Kd6 33. b3 e5
34. Rd1+ Ke6 35. Rd8 Rg7 36. Re8+ Kf6 37. Rxe5 Rxg2 38. Rxh5 Kg6 39. Rg5+ Rxg5
40. hxg5 Kxg5 41. a5 Kg6 42. Kxf4 Kf6 43. b4 Ke6 44. Ke4 1-0

[Event "Barakaldo 09"]
[Site "?"]
[Date "2009.09.19"]
[Round "3.9"]
[White "Angulo Martinez, Jon"]
[Black "Ruiz Ruiz, Guillermo"]
[Result "1-0"]
[WhiteElo "2217"]
[BlackElo "1924"]
[PlyCount "73"]
[EventDate "2009.09.21"]
[SourceDate "2009.09.24"]

1. e4 e6 2. d3 d5 3. Qe2 Nf6 4. g3 Be7 5. Bg2 O-O 6. Nf3 c5 7. O-O Nc6 8. e5
Nd7 9. c4 d4 10. h4 f5 11. exf6 Rxf6 12. Ng5 Nf8 13. Nd2 h6 14. Nge4 Rf7 15.
Nb3 Qb6 16. f4 Bd7 17. Qh5 Rf5 18. Qf3 Ng6 19. Bh3 Raf8 20. Bxf5 Rxf5 21. h5
Nf8 22. g4 Rf7 23. Qg3 a5 24. g5 a4 25. Nbd2 e5 26. fxe5 Rxf1+ 27. Nxf1 hxg5
28. Bxg5 Qxb2 29. Rd1 Qe2 30. Rd2 Qxh5 31. Bxe7 Ng6 32. Bd6 Bf5 33. Rh2 Qd1 34.
Rf2 Qh5 35. Qf3 Bg4 36. Qf7+ Kh7 37. Nf6+ 1-0

[Event "Barakaldo 09"]
[Site "?"]
[Date "2009.09.19"]
[Round "3.10"]
[White "Arias Garcia, Luis Javier"]
[Black "Gutierrez Martin, Angel"]
[Result "1-0"]
[WhiteElo "2181"]
[BlackElo "1934"]
[PlyCount "71"]
[EventDate "2009.09.21"]
[SourceDate "2009.09.24"]

1. e4 d5 2. exd5 Qxd5 3. Nc3 Qa5 4. Bc4 Nf6 5. d3 c6 6. Bd2 e6 7. Nf3 Be7 8.
Qe2 Qd8 9. g4 b5 10. Bb3 Na6 11. Ne5 Qc7 12. g5 Nd5 13. Bxd5 exd5 14. Bf4 Qb7
15. O-O-O Be6 16. Rhe1 Bd6 17. Bg3 O-O-O 18. g6 hxg6 19. Nxg6 Bxg3 20. fxg3
Rhe8 21. Nf4 Nc7 22. Qf2 g6 23. h4 Bg4 24. a3 Rxe1 25. Rxe1 Re8 26. Rxe8+ Nxe8
27. Qe3 Kd8 28. Nfxd5 Qd7 29. Nf4 Qe7 30. Qd4+ Qd7 31. Qc5 Qe7 32. Qd4+ Qd7 33.
Qe5 Nd6 34. b4 Qe7 35. Qc5 Kc7 36. Ncd5+ 1-0

[Event "Barakaldo 09"]
[Site "?"]
[Date "2009.09.21"]
[Round "4.1"]
[White "Alvarez Fernandez, Enrique"]
[Black "Gomez Esteban, Mario"]
[Result "1/2-1/2"]
[WhiteElo "2340"]
[BlackElo "249"]
[PlyCount "94"]
[EventDate "2009.??.??"]

1. d4 d5 2. Bf4 c5 3. e3 Nc6 4. c3 Nf6 5. Nd2 Bf5 6. Ngf3 e6 7. Nh4 Be4 8. Nhf3
Bd6 9. Bxd6 Qxd6 10. Nxe4 Nxe4 11. Nd2 Nxd2 12. Qxd2 O-O 13. Be2 e5 14. dxe5
Qxe5 15. O-O Rad8 16. Bf3 Rd6 17. Rfd1 Rfd8 18. Qe2 g6 19. g3 b6 20. Rd2 Qe6
21. Bg2 Ne5 22. Rad1 Nc4 23. Rc2 h5 24. h4 a5 25. b3 Ne5 26. Rcd2 Ng4 27. Bh3
Kg7 28. Rd3 f5 29. Bxg4 hxg4 30. Qf1 Kf6 31. Qg2 Qe4 32. R3d2 Qxg2+ 33. Kxg2
Ke5 34. Kf1 b5 35. Ke2 Ke4 36. Rc1 Ra8 37. Rcd1 Rad8 38. Rc1 Ke5 39. Rcd1 Ke6
40. Rc1 Kd7 41. Rcd1 Kc6 42. Rc1 Re8 43. Rh1 Rh8 44. Rhd1 Rhd8 45. Rh1 Rh8 46.
Rhd1 Rhd8 47. Rh1 Rh8 1/2-1/2

[Event "Barakaldo 09"]
[Site "?"]
[Date "2009.09.21"]
[Round "4.2"]
[White "Basto Auzmendi, Mario"]
[Black "Alvarez Ibarra , Rafael"]
[Result "1/2-1/2"]
[WhiteElo "2068"]
[BlackElo "2385"]
[PlyCount "26"]
[SourceDate "2009.09.24"]

1. Nf3 d5 2. g3 g6 3. Bg2 Bg7 4. O-O e5 5. d3 Ne7 6. Nbd2 h6 7. c4 O-O 8. Qb3
c6 9. e4 d4 10. c5 Na6 11. Nc4 Nxc5 12. Qa3 Nd7 13. Bd2 b6 {...} 1/2-1/2

[Event "Barakaldo 09"]
[Site "?"]
[Date "2009.09.21"]
[Round "4.3"]
[White "Franco Alonso, Alejandro"]
[Black "Arias Garcia, Luis Javier"]
[Result "1-0"]
[WhiteElo "2465"]
[BlackElo "2181"]
[PlyCount "57"]
[SourceDate "2009.09.24"]

1. d4 e6 2. c4 f5 3. g3 Nf6 4. Bg2 d5 5. Nh3 c6 6. Qc2 Bd6 7. Bf4 O-O 8. O-O b6
9. Nd2 Ne4 10. cxd5 exd5 11. Nf3 Bb7 12. Rfd1 Qe7 13. e3 Nd7 14. Rac1 Kh8 15.
Bxd6 Qxd6 16. Nf4 Rac8 17. h4 Ndf6 18. Bh3 Ng4 19. Bxg4 fxg4 20. Ne5 c5 21. Qe2
cxd4 22. exd4 Rxc1 23. Rxc1 Qb4 24. Ned3 Qd6 25. Qxg4 Ba6 26. Ne5 Nf6 27. Qf5
Qb4 28. Qe6 Re8 29. Nf7+ 1-0

[Event "Barakaldo 09"]
[Site "?"]
[Date "2009.09.21"]
[Round "4.4"]
[White "Wu Martin, Eneko"]
[Black "Limeres Guiance, Cristobal"]
[Result "0-1"]
[WhiteElo "2113"]
[BlackElo "2258"]
[PlyCount "82"]
[EventDate "2009.??.??"]
[SourceDate "2009.09.24"]

1. e4 e6 2. d4 d5 3. e5 Qd7 4. f4 b6 5. Nf3 Ne7 6. Bd3 Ba6 7. O-O c5 8. c3 Bxd3
9. Qxd3 Nbc6 10. Kh1 h5 11. Nh4 g6 12. Nd2 cxd4 13. cxd4 Nb4 14. Qb3 Nec6 15.
Ndf3 Be7 16. Bd2 Na5 17. Qd1 Qb5 18. Bxb4 Qxb4 19. b3 Rc8 20. Rc1 Rxc1 21. Qxc1
Kd7 22. f5 gxf5 23. Nxf5 Rc8 24. Qb1 exf5 25. Qxf5+ Kc7 26. Qxf7 Kb8 27. Qxd5
Rd8 28. Qe6 Qb5 29. Rd1 Bb4 30. Qf6 Rf8 31. Qg5 Qe2 32. Rc1 Qxa2 33. e6 Qa3 34.
Ne5 Kb7 35. Nd7 Rf5 36. Qe3 Qxb3 37. Qe2 Be7 38. Ne5 Qxe6 39. Qe4+ Ka6 40. Qd3+
b5 41. Rb1 Rxe5 0-1

[Event "Barakaldo 09"]
[Site "?"]
[Date "2009.09.21"]
[Round "4.5"]
[White "Prieto Aranguren, Alain"]
[Black "Varas Gonzalez, Carlos"]
[Result "1/2-1/2"]
[WhiteElo "2109"]
[BlackElo "2253"]
[PlyCount "65"]
[SourceDate "2009.09.24"]

1. e4 c5 2. Nf3 e6 3. d4 cxd4 4. Nxd4 Nc6 5. Nc3 a6 6. Be3 Nf6 7. Bd3 d5 8.
exd5 exd5 9. O-O Bd6 10. h3 O-O 11. Qd2 Bc7 12. Nxc6 bxc6 13. Bf4 Be6 14. Na4
Bxf4 15. Qxf4 Qa5 16. Qd4 Nd7 17. Qh4 h6 18. b3 c5 19. f4 c4 20. Be2 Nf6 21.
Bf3 Bd7 22. g4 Bxa4 23. bxa4 Ne4 24. g5 Qd8 25. Bxe4 dxe4 26. Rad1 Qe7 27. Qg3
hxg5 28. fxg5 e3 29. Rde1 Rfe8 30. Rf3 e2 31. Rf2 Qc5 32. Kh2 Re3 33. Qf4
1/2-1/2

[Event "Barakaldo 09"]
[Site "?"]
[Date "2009.09.21"]
[Round "4.6"]
[White "Carasa Del Portillo, Mikel"]
[Black "Lozoya Rodriguez, Alberto"]
[Result "1/2-1/2"]
[WhiteElo "2023"]
[BlackElo "2219"]
[PlyCount "39"]
[SourceDate "2009.09.24"]

1. d4 Nf6 2. Nf3 g6 3. g3 Bg7 4. Bg2 O-O 5. O-O d6 6. b3 c5 7. Bb2 cxd4 8. Nxd4
d5 9. Nd2 e5 10. N4f3 e4 11. Nd4 Nc6 12. e3 Bg4 13. Nxc6 bxc6 14. Bxf6 Bxf6 15.
Qxg4 Bxa1 16. Rxa1 f5 17. Qd1 Qf6 18. Nf1 Rad8 19. Qd4 c5 20. Qxf6 1/2-1/2

[Event "Barakaldo 09"]
[Site "?"]
[Date "2009.09.21"]
[Round "4.7"]
[White "Marinez Pelaez, David"]
[Black "Angulo Martinez, Jon"]
[Result "1-0"]
[WhiteElo "1968"]
[BlackElo "2217"]
[PlyCount "66"]
[SourceDate "2009.09.25"]

1. e4 c5 2. Nf3 Nc6 3. Nc3 Nf6 4. d4 cxd4 5. Nxd4 e5 6. Ndb5 d6 7. Nd5 Nxd5 8.
exd5 Nb8 9. c4 Be7 10. Be2 O-O 11. O-O a6 12. Nc3 f5 13. f3 Nd7 14. Be3 Bg5 15.
Qd2 Bxe3+ 16. Qxe3 b6 17. b4 Bb7 18. a3 Rf6 19. Bd3 Rc8 20. Rac1 Rf8 21. Rfe1
e4 22. fxe4 f4 23. Qh3 Ne5 24. Be2 Qg5 25. Qh5 Qxh5 26. Bxh5 Rxc4 27. Be2 Rcc8
28. b5 axb5 29. Nxb5 Ba6 30. Nd4 Bxe2 31. Nxe2 Ra8 32. Rc3 g5 33. Nd4 Ra4 1-0